| 000 | 00519nam a2200193 a 4500 | ||
|---|---|---|---|
| 001 | 5348 | ||
| 003 | CO-ViMGA | ||
| 008 | 141112s2004 ck r 000 u spa d | ||
| 040 |
_aCO-ViMGA _bspa _cCO-ViMGA |
||
| 082 | 0 | 4 | _a813.4 T814ap |
| 100 | 1 |
_aTwain, Mark _95351 |
|
| 245 | 1 | 0 | _aAventuras de Tom Sawyer |
| 250 | _a3a | ||
| 260 |
_aBogotá : _bPanAméricana, _c1996 |
||
| 300 | _a208 p | ||
| 590 | _aEjemplares : 2 Eje. 2 : Ed. educazr Cultural Recreativa | ||
| 650 | 1 | 4 |
_aNOVELA ESTADOUNIDENSE _9761 |
| 942 |
_2ddc _cBK |
||
| 999 |
_c17343 _d17343 |
||